• 首页
  • 本馆介绍
  • 公告通知
  • 最新文献
  • 馆藏检索
  • 电子资源
  • 读者导购
  • 参考咨询
  • 我的图书馆
  • 登录
  • 详细信息显示
  • 放入我的书架
  • 预约/预借图书
  • 作者相关作品
  • 分类相关作品
  • 丛书相关作品
  • 出版社相关作品

书目信息

  • 表格格式
  • 工作单格式
  • 卡片格式
题名:
西方艺术简史
    
 
作者: 麦克迪 , Mccurdy 著 ;柯平 译
分册:  
出版信息: 上海   上海人民美术出版社  1986
页数: 78页
开本: 20cm
丛书名:
单 册:
中图分类: J110.9
科图分类:
主题词: 艺术史--西方国家
电子资源:
ISBN:
000 00737nam0 2200265 45
001 0186005579
005 20040513080753.5
010    @dCNY1.10
091    @a8081.14565
100    @a19951110d1986 em y0chiy0121 ea
101 1  @achi@ceng
102    @aCN@b310000
105    @aa z 000yy
106    @ar
200 10 @a西方艺术简史@Axi fang yi shu jian shi@f(美)麦克迪(Mccurdy,C.R.)著@g柯平译
210    @a上海@c上海人民美术出版社@d1986
215    @a78页@c照片@d20cm
606    @a艺术史@y西方国家
690    @aJ110.9@v3
701  1 @a麦克迪@bC.R.@4著@Amai ke di
701 A1 @aMccurdy@bC.R.@4著
702  0 @a柯平@4译@Ake ping
801  0 @aCN@b深圳图书馆@c20040513
801  2 @aCN@bNLC@c20040513
905    @f1@b162342@dJ110.9@e10
    
    西方艺术简史/(美)麦克迪(Mccurdy,C.R.)著/柯平译.-上海:上海人民美术出版社,1986
    78页:照片;20cm
    
    
    ISBN :CNY1.10
    
●
相关链接 在E读中查询图书 在五车中查询图书 在当当中查询图书 在豆瓣中查询图书


正题名:西方艺术简史     索取号:J110.9/10         预约/预借

序号 登录号 条形码 馆藏地/架位号 状态 备注
1 0162342   001216972   第一借阅区/ [索取号:J110.9/10] 在馆    
2 0162343   001239617   第一样本阅览室/ [索取号:J110.9/10] 在馆    
唐山师范学院图书馆 欢迎您!
大连网信软件有限公司© 版权所有